A Hand book of practical chemistry B.Sc.I (Record no. 301671)

MARC details
000 -LEADER
fixed length control field 00325pam a2200133a 44500
008 - FIXED-LENGTH DATA ELEMENTS--GENERAL INFORMATION
fixed length control field 230405s2012 xxu||||| |||| 00| 0 eng d
041 ## - LANGUAGE CODE
Language code of text/sound track or separate title ENG
100 ## - MAIN ENTRY--PERSONAL NAME
Personal name Dr Salunkhe
245 ## - TITLE STATEMENT
Title A Hand book of practical chemistry B.Sc.I
250 ## - EDITION STATEMENT
Edition statement 1
260 ## - PUBLICATION, DISTRIBUTION, ETC.
Place of publication, distribution, etc. Dhudhali
Name of publisher, distributor, etc. PHADAKE PRAKASHAN
Date of publication, distribution, etc. 2012
300 ## - PHYSICAL DESCRIPTION
Extent 86
906 ## - LOCAL DATA ELEMENT F, LDF (RLIN)
a 11172
Holdings
Withdrawn status Lost status Damaged status Not for loan Collection Home library Current library Date acquired Source of acquisition Cost, normal purchase price Total Checkouts Full call number Barcode Date last seen Price effective from Koha item type
          Matoshri Bayabai Shripatrao Kadam Kanya Mahavidyalaya, Kadegaon, Sangli Matoshri Bayabai Shripatrao Kadam Kanya Mahavidyalaya, Kadegaon, Sangli 20/06/2012 Phadke book house 60.00   580 KVK-XTH02373 18/04/2023 18/04/2023 Book
          Matoshri Bayabai Shripatrao Kadam Kanya Mahavidyalaya, Kadegaon, Sangli Matoshri Bayabai Shripatrao Kadam Kanya Mahavidyalaya, Kadegaon, Sangli 20/06/2012 Phadke book house 60.00   580 KVK-XTH02372 18/04/2023 18/04/2023 Book
          Matoshri Bayabai Shripatrao Kadam Kanya Mahavidyalaya, Kadegaon, Sangli Matoshri Bayabai Shripatrao Kadam Kanya Mahavidyalaya, Kadegaon, Sangli 20/06/2012 Phadke book house 60.00   580 KVK-XTH02371 18/04/2023 18/04/2023 Book
          Matoshri Bayabai Shripatrao Kadam Kanya Mahavidyalaya, Kadegaon, Sangli Matoshri Bayabai Shripatrao Kadam Kanya Mahavidyalaya, Kadegaon, Sangli 20/06/2012 Phadke book house 60.00   580 KVK-XTH02370 18/04/2023 18/04/2023 Book
          Matoshri Bayabai Shripatrao Kadam Kanya Mahavidyalaya, Kadegaon, Sangli Matoshri Bayabai Shripatrao Kadam Kanya Mahavidyalaya, Kadegaon, Sangli 20/06/2012 Phadke book house 60.00   580 KVK-XTH02369 18/04/2023 18/04/2023 Book